| 000 | 00411nam a2200169Ia 4500 | ||
|---|---|---|---|
| 008 | 221030s9999 xx 000 0 und d | ||
| 020 | _a8131733660 | ||
| 041 | _aEnglish | ||
| 082 | _a105.23 | ||
| 100 | _aE. Hughes | ||
| 245 | 0 |
_aElectrical & Electronic Technology _cby E. Hughes |
|
| 250 | _a10th | ||
| 260 |
_bPearson Education _aNew Delhi _c2011 |
||
| 300 | _a1008 | ||
| 650 | _aECE & EE | ||
| 942 | _cBK | ||
| 999 |
_c10001 _d10001 |
||